000 00645nam a22001937a 4500
001 113472
003 DR-UNIBE
005 20250423095033.0
008 250422b2009 dr ||||| |||| 00| 0 spa d
040 _aBIBLIOTECA UNIBE
_cBIBLIOTECA UNIBE
_erda
041 _aspa
082 _aRD 345 R426m
110 2 _aRepública Dominicana.
_bSuprema Corte de Justicia Poder Judicial
_9194476
245 _aManual de gestión del tribunal de ejecución de la pena
260 _aSanto Domingo :
_bDirección General Técnica :
_bDirección de Planificación y Proyectos,
_c2009
300 _a73 páginas
650 _aDerecho penal
942 _2ddc
_cBK
999 _c113472
_d113472